LIBRARY & INFORMATION CENTRE, KCAET, TAVANUR

ONLINE PUBLIC ACCESS CATALOGUE (OPAC)

Working technology / (Record no. 1688)

MARC details
000 -LEADER
fixed length control field 00468cam a2200193ua 4500
041 ## - LANGUAGE CODE
Language code of text/sound track or separate title eng
082 ## - DEWEY DECIMAL CLASSIFICATION NUMBER
Classification number 621.9
Item number CHA/WO
100 ## - MAIN ENTRY--AUTHOR NAME
Personal name Chapman, W.A.J .
245 ## - TITLE STATEMENT
Title Working technology /
250 ## - EDITION STATEMENT
Edition statement 3 /
260 ## - PUBLICATION, DISTRIBUTION, ETC. (IMPRINT)
Place of publication London :
Name of publisher English Language Book Society ,
Year of publication 1963.
300 ## - PHYSICAL DESCRIPTION
Number of Pages 331 ; .
942 ## - ADDED ENTRY ELEMENTS (KOHA)
Koha item type Books
Holdings
Withdrawn status Lost status Damaged status Home library Current library Date acquired Full call number Accession Number Koha item type
    Damaged KAUAET KAUAET 07/04/2012 621.9 12219 Books
Withdrawn     KAUAET KAUAET 07/04/2012 621.9 12217 Books
free website counter